C# 2005 : Tập 5: Lập trình ASP.Net 2.0
Nội dung quyển 1 cung cấp cho bạn những kiến thức từ cơ bản đến nâng cao liên quan đến cách xây dựng ứng dụng Web Site, điều khiển trình chủ ới trong phiên bản ASP.Net 2.0.
Bewaard in:
| Hoofdauteur: | |
|---|---|
| Formaat: | Boek |
| Taal: | Undetermined |
| Gepubliceerd in: |
Thành phố Hồ Chí Minh
Lao động - Xã hội
2007
|
| Onderwerpen: | |
| Tags: |
Voeg label toe
Geen labels, Wees de eerste die dit record labelt!
|
| Thư viện lưu trữ: | Trung tâm Học liệu Trường Đại học Cần Thơ |
|---|
| LEADER | 01079nam a2200217Ia 4500 | ||
|---|---|---|---|
| 001 | CTU_213799 | ||
| 008 | 210402s9999 xx 000 0 und d | ||
| 082 | |a 005.758 | ||
| 082 | |b Kh106/T.5-Q.1 | ||
| 100 | |a Phạm, Hữu Khang | ||
| 245 | 0 | |a C# 2005 : | |
| 245 | 0 | |b Tập 5: Lập trình ASP.Net 2.0 | |
| 245 | 0 | |c Phạm Hữu Khang ( Chủ biên ) ; Trần Tiến Dũng ( Hiệu đính ) | |
| 260 | |a Thành phố Hồ Chí Minh | ||
| 260 | |b Lao động - Xã hội | ||
| 260 | |c 2007 | ||
| 520 | |a Nội dung quyển 1 cung cấp cho bạn những kiến thức từ cơ bản đến nâng cao liên quan đến cách xây dựng ứng dụng Web Site, điều khiển trình chủ ới trong phiên bản ASP.Net 2.0. | ||
| 650 | |a World wide web ( Information retrieval system ),Client/server computing,Database administration,Thiết kế web | ||
| 904 | |i Qhieu | ||
| 910 | |a Sách kèm CD số: AVA.000112, AVA.000205, AVA.000206 | ||
| 980 | |a Trung tâm Học liệu Trường Đại học Cần Thơ | ||